000 00790 a2200169 4500
003 Nust
005 20230213115546.0
040 _cNust
082 _a973.7,HEN
100 _aHenderson.F.R
_9108979
245 _aThe Civil War:
_bA soldier s View /
_cCol G F R henderson
260 _aChicago
_bChicago press
_61958
300 _a320:p
505 _aIntroduction (Page-1), The Campaign of Fredericksburg (Page-9), Henderson and the American Civil War (Page-120), Battles and Leaders of the Civil War (Page-130), The American Civil War 1861-1865 (Page-174), The Battle of Gettysburg (Page-225), The Campaign in the Wilderness of Virginia 1864 (Page-254), Stonewall Jackson Place in History (Page-284), The Henderson Legacy (Page-301).
650 _aThe Civil War:
_9108980
942 _2ddc
_cBK
999 _c187506
_d187506